000 00965nam a22002657a 4500
001 BR6003885
003 BR-BrBNA
005 20230928095842.0
007 ta
008 230509b bl.||||| |||| 00| 0 por d
040 _aBR-BrBNA
_bpor
_cBiblioteca Nacional de Agricultura
041 _a(Por)
072 _aD50; D10
090 _ D50 BR6003885
110 1 _aMinisterio da Agricultura, Brasilia, DF (Brasil). Escritorio Central de Planejamento e Controle
_96800
245 1 _aColetanea dos principais atos oficiais referentes a reforma administrativa no Ministerio da Agricultura e de outras normas relativas aos diversos orgaos do Ministerio da Agricultura. Periodo marco de 1967 a abril de 1968
260 3 _aBrasilia, DF (Brasil):
_c1968.
300 _a293 p.
650 _aLegislacao
650 _aAdministracao Publica
650 _aReforma Administrativa
650 _aInstituicao Agricola
909 _a202309
_bLucia
_c55
_dLucia Elande
942 _cBK
999 _c59033
_d59033